| 000 | 00470cam a2200157 a 4500 | ||
|---|---|---|---|
| 020 | _a0534931294 (acidfree paper) | ||
| 082 | 0 | 0 |
_a624.15136 _bdas _cl-37, p-4 |
| 100 | 1 |
_aDas, Braja M., _923492 |
|
| 245 | 1 | 0 |
_aPrinciples of soil dynamics / _cBraja M. Das. |
| 260 |
_aBoston : _bPWS-Kent Pub. Co., _cc1993. |
||
| 300 |
_axii, 570 p. : _bill. ; _c25 cm. |
||
| 526 |
_a0 _b0 _c0 _d624_151360000000000_DAS |
||
| 650 | 0 |
_aMCE _9379 |
|
| 650 | 0 | _aSoil dynamics. | |
| 942 |
_2ddc _cBK |
||
| 999 |
_c546420 _d546420 |
||